TEXT BOOK OF COSMETIC SCIENCE (Record no. 26982)

MARC details
000 -LEADER
fixed length control field 00367nam a22001577a 4500
003 - CONTROL NUMBER IDENTIFIER
control field SGT
020 ## - INTERNATIONAL STANDARD BOOK NUMBER
International Standard Book Number 9789391208820
082 ## - DEWEY DECIMAL CLASSIFICATION NUMBER
Classification number 615
Item number C23V
100 ## - MAIN ENTRY--PERSONAL NAME
Personal name VIGNESHWARAN, L.V
245 ## - TITLE STATEMENT
Title TEXT BOOK OF COSMETIC SCIENCE
250 ## - EDITION STATEMENT
Edition statement 1ST
260 ## - PUBLICATION, DISTRIBUTION, ETC. (IMPRINT)
Place of publication, distribution, etc NEW DELHI
Name of publisher, distributor, etc INNOVETIVE PUB.
Year of Publication 2023
650 ## - SUBJECT ADDED ENTRY--TOPICAL TERM
Topical term or geographic name as entry element COSMETIC SCIENCE
653 ## - KEYWORDS--INDEX TERM
Keyword term COSMETIC, SCIENCE
942 ## - ADDED ENTRY ELEMENTS (KOHA)
Source of classification or shelving scheme Dewey Decimal Classification
Koha item type Books
Holdings
Withdrawn status Lost status Source of classification or shelving scheme Damaged status Use restrictions Not for loan Collection code Home library Current library Shelving location Date acquired Vendor Name Cost, normal purchase price SGTU Bill Number Full call number Accession No. (Barcode) Date last seen Bill Date Koha item type Total Checkouts Date last borrowed
    Dewey Decimal Classification   Restricted Access   PHARMACY SGT FA-FP Library SGT FA-FP Library Reference Book 27/09/2024 AHUJA PUB. 475.00 SGTU 19381 615 C23V FP5036 27/09/2024 13/08/2024 Books    
    Dewey Decimal Classification       PHARMACY SGT FA-FP Library SGT FA-FP Library Text Book 27/09/2024 AHUJA PUB. 475.00 SGTU 19381 615 C23V FP5037 27/02/2026 13/08/2024 Books 1 13/02/2026
    Dewey Decimal Classification       PHARMACY SGT FA-FP Library SGT FA-FP Library Text Book 27/09/2024 AHUJA PUB. 475.00 SGTU 19381 615 C23V FP5038 27/09/2024 13/08/2024 Books    
    Dewey Decimal Classification       PHARMACY SGT FA-FP Library SGT FA-FP Library Text Book 27/09/2024 AHUJA PUB. 475.00 SGTU 19381 615 C23V FP5039 23/02/2026 13/08/2024 Books 2 23/02/2026
    Dewey Decimal Classification       PHARMACY SGT FA-FP Library SGT FA-FP Library Text Book 27/09/2024 AHUJA PUB. 475.00 SGTU 19381 615 C23V FP5040 27/09/2024 13/08/2024 Books